000 00228nam a22000857a 4500
008 161108b xxu||||| |||| 00| 0 eng d
100 _91107
_aAchaya K. T
245 _aYours food and you
260 _aNew Delhi
_bNational Book Trust
_c2006
999 _c3768
_d3768